| 000 | 00812nam a2200229 a 4500 | ||
|---|---|---|---|
| 001 | 44220 | ||
| 003 | BD-RjUL | ||
| 005 | 20211209053822.0 | ||
| 008 | 160715s2015 bg ||||| |||| 00| 0 ben d | ||
| 020 |
_a9789843388452 _c: Tk. 200.00 |
||
| 035 | _a(BD-RjUL)44338 | ||
| 040 |
_aBD-RjUL _bben _cBD-RjUL _dBD-RjUL |
||
| 041 | _aben | ||
| 082 |
_223 _a016.33095492 _bBAN 2015 |
||
| 245 | 0 | 0 |
_aBangladesh Studies in home and Abroad : _bAnnotated Bibliography on Economics and Development Studies / _cCompiled by Md. Raihan Islam |
| 246 | _aAnnotated Bibliography on Economics | ||
| 260 |
_aRajshahi : _bInstitute of Bangladesh Studies, R. U. _c2015 |
||
| 300 |
_a152 p. ; _c22 cm. |
||
| 650 |
_aBangladesh _xEconomic Conditions _vBibliography _9135793 |
||
| 700 |
_aIslam, Md. Raihan, Comp. _9135782 |
||
| 942 |
_2ddc _cREF |
||
| 999 |
_c44220 _d44220 |
||